[Event "Hannover-ch U18"]
[Site "Lehrte"]
[Date "2010.10.11"]
[Round "5"]
[White "Daehn, Corinna"]
[Black "Danitz, Bastian Felix"]
[Result "1/2-1/2"]
[WhiteElo "1356"]
[BlackElo "1523"]
[PlyCount "43"]
[EventDate "2010.10.09"]
[EventType "swiss"]
[EventRounds "7"]
[EventCountry "GER"]
[SourceTitle "EXT 2021"]
[Source "ChessBase"]
[SourceDate "2020.10.23"]
[SourceVersion "1"]
[SourceVersionDate "2020.10.23"]
[SourceQuality "1"]

1. e4 c5 2. Nf3 Nc6 3. d4 cxd4 4. Nxd4 g6 5. Be3 Bg7 6. Bc4 a6 7. 0-0 e6 8. Nc3 Nge7 9. a3 Qc7 10. Qe2 Nxd4 11. Bxd4 Bxd4 12. Rad1 Bxc3 13. bxc3 0-0 14. h4 b5 15. Bd3 Qxc3 16. e5 Nd5 17. h5 Nf4 18. Qf3 Nxd3 19. Rxd3 Qxc2 20. Qf6 gxh5 21. Qg5+ Kh8 22. Qf6+ 1/2-1/2

[Event "Hannover-ch U18"]
[Site "Lehrte"]
[Date "2010.10.11"]
[Round "6"]
[White "Daehn, Corinna"]
[Black "Karnbach, Oliver"]
[Result "1-0"]
[WhiteElo "1356"]
[BlackElo "1390"]
[PlyCount "87"]
[EventDate "2010.10.09"]
[EventType "swiss"]
[EventRounds "7"]
[EventCountry "GER"]
[SourceTitle "EXT 2021"]
[Source "ChessBase"]
[SourceDate "2020.10.23"]
[SourceVersion "1"]
[SourceVersionDate "2020.10.23"]
[SourceQuality "1"]

1. e4 e5 2. Nf3 Nc6 3. Bc4 Nf6 4. Nc3 Bb4 5. 0-0 d6 6. Re1 Be6 7. Nd5 Bc5 8. c3 Na5 9. Bd3 Nxd5 10. exd5 Bxd5 11. b4 Bb6 12. bxa5 Bxa5 13. Be4 Bxe4 14. Rxe4 0-0 15. Bb2 Bb6 16. d4 f5 17. Re2 e4 18. Ne1 d5 19. Re3 f4 20. Rh3 Qg5 21. Qh5 Qxh5 22. Rxh5 c6 23. Re5 Rae8 24. Rxe8 Rxe8 25. f3 e3 26. Nd3 Bc7 27. Nc5 b6 28. Nd3 Bd6 29. Kf1 g5 30. Ke2 b5 31. Rg1 Kf7 32. g3 Kf6 33. gxf4 gxf4 34. Rg4 Kf5 35. Rg7 Re7 36. Rxe7 Bxe7 37. Ne5 c5 38. Nc6 Bf8 39. Nxa7 b4 40. dxc5 Bxc5 41. Nc6 bxc3 42. Bxc3 Ba3 43. Bb4 Bb2 44. a4 1-0

[Event "Niedersachsen-ch U16"]
[Site "Rotenburg"]
[Date "2009.04.07"]
[Round "6"]
[White "Daehn, Corinna"]
[Black "Elborg, Cornelia"]
[Result "0-1"]
[WhiteElo "1276"]
[BlackElo "1382"]
[PlyCount "100"]
[EventDate "2009.04.04"]
[EventType "swiss"]
[EventRounds "9"]
[EventCountry "GER"]
[SourceTitle "EXT 2010"]
[Source "ChessBase"]
[SourceDate "2010.11.25"]
[SourceVersion "1"]
[SourceVersionDate "2010.11.25"]
[SourceQuality "1"]

1. e4 c5 2. Nf3 Nc6 3. d4 cxd4 4. Nxd4 d6 5. f3 Nf6 6. Nc3 a6 7. Bc4 Bd7 8. Be3 e6 9. 0-0 Be7 10. Qe1 Ne5 11. Be2 0-0 12. Bg5 h6 13. Bxf6 Bxf6 14. Qg3 Qb6 15. Rad1 Qxb2 16. f4 Ng6 17. Kh1 Bxd4 18. Rxd4 Nxf4 19. Rxd6 Nxe2 20. Nxe2 Bc6 21. Nf4 Bxe4 22. Rd7 Qxc2 23. Rg1 Rae8 24. Nh5 Bg6 25. Nf4 b5 26. Rf1 Qf5 27. Rfd1 Bh5 28. Nxh5 Qxh5 29. Qa3 Ra8 30. R1d6 Qe2 31. h3 a5 32. Rd2 Qf1+ 33. Kh2 b4 34. Qb2 Qf6 35. Qb1 Rfd8 36. Qd1 Rxd7 37. Rxd7 Qe5+ 38. Kh1 Qg5 39. Qf3 Qc1+ 40. Kh2 Rf8 41. Ra7 Qc2 42. Qh5 Qxa2 43. Rxa5 Qc4 44. Rb5 Qf4+ 45. Kh1 Qc1+ 46. Kh2 Qc7+ 47. Kg1 Rb8 48. Kf2 b3 49. Qe2 Rxb5 50. Qxb5 Qc2+ 0-1

[Event "Hannover-ch U16"]
[Site "Lehrte"]
[Date "2008.10.14"]
[Round "7"]
[White "Daehn, Corinna"]
[Black "Essmann, Julian"]
[Result "0-1"]
[WhiteElo "1201"]
[BlackElo "1337"]
[PlyCount "72"]
[EventDate "2008.10.11"]
[EventType "swiss"]
[EventRounds "7"]
[EventCountry "GER"]
[SourceTitle "EXT 2021"]
[Source "ChessBase"]
[SourceDate "2020.10.23"]
[SourceVersion "1"]
[SourceVersionDate "2020.10.23"]
[SourceQuality "1"]

1. e4 e5 2. Nf3 Nc6 3. Bc4 Bc5 4. d3 d6 5. 0-0 h6 6. Nc3 Bg4 7. h3 Bh5 8. d4 Nxd4 9. Be2 Nxe2+ 10. Nxe2 Bxf3 11. gxf3 Qd7 12. Kh2 Ne7 13. f4 f6 14. Rg1 0-0-0 15. Rxg7 Bxf2 16. fxe5 fxe5 17. Qf1 Rdf8 18. Bd2 Bg3+ 19. Nxg3 Rxf1 20. Rxf1 Qd8 21. Nf5 Nxf5 22. exf5 Qh4 23. f6 Rf8 24. Bxh6 Qxh6 25. f7 Qxg7 26. h4 Rxf7 27. Rxf7 Qxf7 28. h5 Qxh5+ 29. Kg3 Qf7 30. c4 e4 31. b4 e3 32. a4 e2 33. a5 e1R 34. c5 Rg1+ 35. Kh2 Qf2+ 36. Kh3 Qg3# 0-1

[Event "Hannover-ch U16"]
[Site "Lehrte"]
[Date "2008.10.13"]
[Round "6"]
[White "Neumair, Dorian"]
[Black "Daehn, Corinna"]
[Result "1/2-1/2"]
[WhiteElo "1433"]
[BlackElo "1201"]
[PlyCount "71"]
[EventDate "2008.10.11"]
[EventType "swiss"]
[EventRounds "7"]
[EventCountry "GER"]
[SourceTitle "EXT 2021"]
[Source "ChessBase"]
[SourceDate "2020.10.23"]
[SourceVersion "1"]
[SourceVersionDate "2020.10.23"]
[SourceQuality "1"]

1. e4 e6 2. d4 d5 3. exd5 exd5 4. Bd3 Bd6 5. c3 Nf6 6. Be3 0-0 7. Nf3 Bg4 8. Nbd2 Nbd7 9. Qc2 c5 10. 0-0 Re8 11. Bg5 h6 12. Bh4 Qc7 13. Bg3 Bf4 14. Bxf4 Qxf4 15. Rfe1 c4 16. Be2 Ne4 17. Nxe4 Qxe4 18. Qd2 Re6 19. Bd1 Qg6 20. Rxe6 Qxe6 21. h3 Bh5 22. Qf4 Rc8 23. Bc2 Qf6 24. Qxf6 Nxf6 25. Ne5 Re8 26. g4 Bg6 27. Nxg6 fxg6 28. Bxg6 Re2 29. b3 b5 30. b4 Ne4 31. Bxe4 dxe4 32. a4 a6 33. axb5 axb5 34. h4 e3 35. fxe3 Rxe3 36. Ra8+ 1/2-1/2

[Event "Niedersachsen-ch U16/18 Girls"]
[Site "Rotenburg"]
[Date "2008.03.16"]
[Round "2"]
[White "Knobel, Hannah Bettina"]
[Black "Daehn, Corinna"]
[Result "1/2-1/2"]
[WhiteElo "1268"]
[BlackElo "1143"]
[PlyCount "62"]
[EventDate "2008.03.15"]
[EventType "swiss"]
[EventRounds "7"]
[EventCountry "GER"]
[SourceTitle "EXT 2009"]
[Source "ChessBase"]
[SourceDate "2008.11.26"]
[SourceVersion "1"]
[SourceVersionDate "2008.11.26"]
[SourceQuality "1"]

1. d4 e6 2. c4 c5 3. d5 exd5 4. cxd5 d6 5. e4 f5 6. Nc3 Nf6 7. Bd3 fxe4 8. Nxe4 Be7 9. Nf3 Nxe4 10. Bxe4 0-0 11. 0-0 Bf5 12. Nd2 Nd7 13. Re1 Bg5 14. Nc4 Bxc1 15. Rxc1 Nb6 16. Qe2 Qf6 17. Bxf5 Qxf5 18. Qe6+ Qxe6 19. dxe6 Nxc4 20. Rxc4 Rfe8 21. Rce4 b6 22. f4 Re7 23. Rd1 Rd8 24. Kf2 g6 25. g4 Kg7 26. Rd5 Kf6 27. f5 a5 28. Re3 Rc7 29. Kf3 g5 30. Red3 Rc6 31. Re3 Rc7 1/2-1/2

[Event "Niedersachsen-ch U16/18 Girls"]
[Site "Rotenburg"]
[Date "2008.03.15"]
[Round "1"]
[White "Daehn, Corinna"]
[Black "Elborg, Cornelia"]
[Result "0-1"]
[WhiteElo "1143"]
[BlackElo "1484"]
[PlyCount "81"]
[EventDate "2008.03.15"]
[EventType "swiss"]
[EventRounds "7"]
[EventCountry "GER"]
[SourceTitle "EXT 2009"]
[Source "ChessBase"]
[SourceDate "2008.11.26"]
[SourceVersion "1"]
[SourceVersionDate "2008.11.26"]
[SourceQuality "1"]

1. e4 c5 2. Nf3 Nc6 3. d4 cxd4 4. Nxd4 d6 5. Bb5 Bd7 6. Nc3 Nxd4 7. Qxd4 Bxb5 8. Nxb5 Qa5+ 9. Nc3 Nf6 10. 0-0 g6 11. Bf4 e5 12. Bxe5 dxe5 13. Qd3 Bg7 14. Rad1 0-0 15. a3 Rfd8 16. Nd5 Nxd5 17. exd5 e4 18. Qxe4 Bxb2 19. d6 Rd7 20. Rfe1 Rad8 21. Qf4 Bxa3 22. g3 Qb6 23. Qa4 Bc5 24. Re2 Rxd6 25. Rxd6 Qxd6 26. Kg2 a6 27. h4 Qc6+ 28. Qxc6 bxc6 29. Re5 Bd4 30. Ra5 Ra8 31. Ra4 Bb6 32. Rc4 c5 33. Ra4 Kf8 34. Kf3 Ke7 35. Ke4 a5 36. g4 Rd8 37. f3 Rd4+ 38. Rxd4 cxd4 39. Kd3 Ke6 40. f4 Kd5 41. c4+ 0-1

[Event "Hannover-ch U16"]
[Site "Bueckeburg"]
[Date "2007.11.02"]
[Round "3"]
[White "Daehn, Corinna"]
[Black "Lenselink, Bjoern"]
[Result "1/2-1/2"]
[WhiteElo "1128"]
[BlackElo "1002"]
[PlyCount "43"]
[EventDate "2007.11.01"]
[EventType "swiss"]
[EventRounds "7"]
[EventCountry "GER"]
[SourceTitle "EXT 2021"]
[Source "ChessBase"]
[SourceDate "2020.10.23"]
[SourceVersion "1"]
[SourceVersionDate "2020.10.23"]
[SourceQuality "1"]

1. e4 c5 2. Nf3 Nc6 3. d4 cxd4 4. Nxd4 Nf6 5. Nxc6 bxc6 6. Nc3 d5 7. f3 e5 8. Bg5 d4 9. Ne2 Be7 10. c3 dxc3 11. Nxc3 Qxd1+ 12. Rxd1 0-0 13. Bc4 Be6 14. Bxe6 fxe6 15. 0-0 Rad8 16. a3 Bc5+ 17. Kh1 Rd7 18. Bxf6 Rxd1 19. Rxd1 gxf6 20. b4 Bd4 21. Nb1 f5 22. Nd2 1/2-1/2

[Event "Hannover-ch U16"]
[Site "Bueckeburg"]
[Date "2007.11.01"]
[Round "2"]
[White "Danitz, Bastian Felix"]
[Black "Daehn, Corinna"]
[Result "1-0"]
[WhiteElo "1544"]
[BlackElo "1128"]
[PlyCount "51"]
[EventDate "2007.11.01"]
[EventType "swiss"]
[EventRounds "7"]
[EventCountry "GER"]
[SourceTitle "EXT 2021"]
[Source "ChessBase"]
[SourceDate "2020.10.23"]
[SourceVersion "1"]
[SourceVersionDate "2020.10.23"]
[SourceQuality "1"]

1. c4 e6 2. d4 c5 3. d5 d6 4. e4 Nf6 5. Nc3 Be7 6. Nf3 exd5 7. exd5 Bg4 8. Be2 0-0 9. 0-0 Re8 10. Bf4 Nbd7 11. Nb5 Qb6 12. b3 a6 13. Nc3 Qb4 14. Bd2 Qb6 15. Na4 Qc7 16. b4 cxb4 17. Qb3 a5 18. Rac1 Ne4 19. Be3 Nec5 20. Qc2 Nxa4 21. Qxa4 Bg5 22. Nxg5 Bxe2 23. Rfe1 Nb6 24. Bxb6 Qxb6 25. Rc2 Bxc4 26. Rxe8+ 1-0

[Event "Niedersachsen-ch U14"]
[Site "Rotenburg/Wuemme"]
[Date "2007.04.06"]
[Round "9"]
[White "Daehn, Corinna"]
[Black "Knobel, Hannah Bettina"]
[Result "1/2-1/2"]
[WhiteElo "1052"]
[BlackElo "1121"]
[PlyCount "29"]
[EventDate "2007.03.31"]
[EventType "swiss"]
[EventRounds "9"]
[EventCountry "GER"]
[SourceTitle "EXT 2008"]
[Source "ChessBase"]
[SourceDate "2007.11.25"]
[SourceVersion "1"]
[SourceVersionDate "2007.11.25"]
[SourceQuality "1"]

1. e4 e5 2. Nf3 Nc6 3. Bc4 Bc5 4. d3 Nf6 5. Nc3 d6 6. Be3 Bb6 7. 0-0 Bg4 8. h3 Bh5 9. Qe2 Qd7 10. Bxb6 axb6 11. Qe3 0-0 12. Nd5 Nxd5 13. Bxd5 Nb4 14. Bb3 Qe7 15. a3 1/2-1/2

[Event "Niedersachsen-ch U12/14 Girls"]
[Site "Rotenburg/Wuemme"]
[Date "2006.04.12"]
[Round "6"]
[White "Daehn, Corinna"]
[Black "Steven, Johanna"]
[Result "1-0"]
[WhiteElo "1104"]
[BlackElo "930"]
[PlyCount "25"]
[EventDate "2006.04.08"]
[EventType "swiss"]
[EventRounds "9"]
[EventCountry "GER"]
[SourceTitle "EXT 2007"]
[Source "ChessBase"]
[SourceDate "2006.11.23"]
[SourceVersion "1"]
[SourceVersionDate "2006.11.23"]
[SourceQuality "1"]

1. e4 e5 2. Nf3 Nc6 3. Bc4 Bc5 4. 0-0 d6 5. d3 Bg4 6. Nbd2 Nge7 7. h3 Bh5 8. c3 d5 9. exd5 Nxd5 10. Qb3 Nf4 11. Qxb7 Na5 12. Qb5+ c6 13. Qxc5 1-0

[Event "Niedersachsen-ch U12/14 Girls"]
[Site "Rotenburg/Wuemme"]
[Date "2006.04.10"]
[Round "4"]
[White "Daehn, Corinna"]
[Black "Fenske, Gloria"]
[Result "1-0"]
[WhiteElo "1104"]
[BlackElo "938"]
[PlyCount "31"]
[EventDate "2006.04.08"]
[EventType "swiss"]
[EventRounds "9"]
[EventCountry "GER"]
[SourceTitle "EXT 2007"]
[Source "ChessBase"]
[SourceDate "2006.11.23"]
[SourceVersion "1"]
[SourceVersionDate "2006.11.23"]
[SourceQuality "1"]

1. e4 e5 2. Nf3 Nf6 3. Nc3 Nc6 4. Bc4 Nxe4 5. Nxe4 d5 6. Bb5 dxe4 7. Bxc6+ bxc6 8. Nxe5 Qd5 9. f4 f6 10. Ng4 Bxg4 11. Qxg4 Qd4 12. d3 Qc5 13. Qe6+ Qe7 14. Qxc6+ Kf7 15. Qd5+ Qe6 16. Qxa8 1-0

[Event "Niedersachsen-ch U12 Girls"]
[Site "Borkum"]
[Date "2004.04.08"]
[Round "8"]
[White "Allmers, Monika"]
[Black "Daehn, Corinna"]
[Result "1-0"]
[WhiteElo "781"]
[BlackElo "777"]
[PlyCount "45"]
[EventDate "2004.04.??"]
[EventType "swiss"]
[EventRounds "9"]
[EventCountry "GER"]
[SourceTitle "EXT 2005"]
[Source "ChessBase"]
[SourceDate "2004.11.15"]
[SourceVersion "1"]
[SourceVersionDate "2004.11.15"]
[SourceQuality "1"]

1. e4 e5 2. Nc3 Nc6 3. Bc4 Nf6 4. d3 Bc5 5. f4 d6 6. h3 Be6 7. Bb3 Bxg1 8. Rxg1 Nd4 9. Be3 Bxb3 10. axb3 Nc6 11. Qd2 Nb4 12. 0-0-0 Qd7 13. g4 0-0-0 14. Bxa7 Qc6 15. g5 Qa6 16. Na4 Qa5 17. gxf6 Na2+ 18. Kb1 Qxd2 19. Rxd2 Nb4 20. Rxg7 Rd7 21. fxe5 dxe5 22. Nc5 Rdd8 23. Rxf7 1-0